| 000 | 00945nam a2200337 a 4500 | ||
|---|---|---|---|
| 003 | AR-BaBNM | ||
| 005 | 20251128210150.0 | ||
| 008 | 082120s2002 ||||||||||||||000 | spa|| | ||
| 020 | _a950-23-0651-1 | ||
| 040 | _cAR-BaBNM | ||
| 100 | 1 | _aGoldin, Adrián | |
| 245 | 0 | 0 |
_aEl trabajo y los mercados _bsobre las relaciones laborales en la Argentina |
| 250 | _a1ª ed. | ||
| 260 |
_aBuenos Aires _bEudeba _c1997 |
||
| 300 | _a303 p. | ||
| 500 | _aAnexos p. 227-283 | ||
| 504 | _aBibliografía para consultar p. 291-303 | ||
| 504 | _aBibliografía para el anexo segundo p. 285-290 | ||
| 650 | 4 | _aTRABAJO | |
| 650 | 4 | _aPRODUCTIVIDAD DEL TRABAJO | |
| 650 | 4 | _aRELACIONES LABORALES | |
| 650 | 4 | _aSALARIOS | |
| 650 | 4 | _aFLEXIBILIZACION LABORAL | |
| 650 | 4 | _aLEGISLACION DEL TRABAJO | |
| 650 | 4 | _aMERCADO DE TRABAJO | |
| 651 | 4 | _aArgentina | |
| 653 | _aGLOBALIZACION | ||
| 653 | _aMERCOSUR | ||
| 942 | _cBK | ||
| 998 | _cMariana | ||
| 999 |
_c14334 _d14334 |
||